| 000 -LEADER |
| fixed length control field |
00631nam a2200217Ia 4500 |
| 001 - CONTROL NUMBER |
| control field |
14554 |
| 003 - CONTROL NUMBER IDENTIFIER |
| control field |
GE_BSU |
| 008 - FIXED-LENGTH DATA ELEMENTS--GENERAL INFORMATION |
| fixed length control field |
181216s||||||||xx |||||||||||||| ||und|| |
| 020 ## - INTERNATIONAL STANDARD BOOK NUMBER |
| International Standard Book Number |
1405420863 |
| 040 ## - CATALOGING SOURCE |
| Transcribing agency |
GE_BSU |
| 080 ## - UNIVERSAL DECIMAL CLASSIFICATION NUMBER |
| Universal Decimal Classification number |
641 |
| 100 ## - MAIN ENTRY--PERSONAL NAME |
| Personal name |
Doeser,Linda |
| 245 ## - TITLE STATEMENT |
| Title |
Making bread at home |
| 245 ## - TITLE STATEMENT |
| Remainder of title |
Simple and deliciors recipes for breads, cakes,pizzas and pastries, at the touch of a button |
| 260 ## - PUBLICATION, DISTRIBUTION, ETC. |
| Name of publisher, distributor, etc. |
Parragon |
| 260 ## - PUBLICATION, DISTRIBUTION, ETC. |
| Date of publication, distribution, etc. |
2002 |
| 300 ## - PHYSICAL DESCRIPTION |
| Extent |
96p.ill.28cm. |
| 653 ## - INDEX TERM--UNCONTROLLED |
| Uncontrolled term |
Making bread at home |
| 653 ## - INDEX TERM--UNCONTROLLED |
| Uncontrolled term |
Simple and deliciors recipes for breads, cakes,pizzas and pastries, at the touch of a button |
| 942 ## - ADDED ENTRY ELEMENTS (KOHA) |
| Koha item type |
წიგნი |